000 00438nam a2200145Ia 4500
008 230312s9999||||xx |||||||||||||| ||und||
020 _a978-1118008195
082 _a005.43
_bLIE-V
100 _aLiebowitz;Matt
245 0 _aVM Ware vSphere Performance: Designing CPU,Memory,Storage and Networking for Performance-Intensive Workloads
260 _bSybex
_aCanada
_c2014
300 _a242
650 _aEngineering
_vComputer
942 _cBK
999 _c14189
_d14189